[Event "Andorra op 15th"]
[Site "Andorra"]
[Date "1997.??.??"]
[Round "4"]
[White "Prie, Eric"]
[Black "Van der Worm, T."]
[Result "1-0"]
[WhiteElo "2470"]
[BlackElo "2405"]
[PlyCount "105"]
[EventDate "1997.07.??"]
[EventType "swiss"]
[EventRounds "9"]
[EventCountry "AND"]
[SourceTitle "CBM 058 Extra"]
[Source "ChessBase"]
[SourceDate "1997.07.29"]
[SourceVersion "1"]
[SourceVersionDate "1997.07.29"]
[SourceQuality "1"]

1. d4 d5 2. c4 e6 3. Nc3 c6 4. Nf3 dxc4 5. a4 Bb4 6. e3 b5 7. Bd2 a5 8. axb5 Bxc3 9. Bxc3 cxb5 10. b3 Bb7 11. bxc4 b4 12. Bb2 Nf6 13. Bd3 Nbd7 14. 0-0 0-0 15. Re1 Re8 16. c5 Bc6 17. Bc2 Qb8 18. e4 h6 19. Nd2 Qa7 20. Ba4 Qa6 21. Qe2 Qxe2 22. Rxe2 Nb8 23. Nb3 Rd8 24. f3 Kf8 25. Kf2 Ne8 26. Bc1 Bxa4 27. Rxa4 Nc6 28. Ke3 Nc7 29. Rea2 Ra6 30. Bb2 Nb5 31. Ra1 Ra7 32. Rd1 Nc7 33. Rd3 h5 34. Nd2 g6 35. Nc4 Ke7 36. Nb6 Na6 37. Nc4 Nc7 38. Rd2 Rd7 39. Nb6 Rd8 40. d5 exd5 41. exd5 Na6 42. dxc6 Nxc5 43. Ra2 Re8 44. Kf2 Ne6 45. Nd5+ Kf8 46. Nxb4 Rc8 47. Rc2 Raa8 48. Nd5 Ra6 49. Ba3+ Ke8 50. Nf6+ Kd8 51. Rd2+ Kc7 52. Nd5+ Kb8 53. Rab2+ 1-0